|
|
|
|
| LEADER |
00555cam a2200157 7i4500 |
| 001 |
0000020303 |
| 005 |
20080116090000.0 |
| 090 |
0 |
0 |
|a P 333.7932
|b MAL
|
| 110 |
2 |
0 |
|a Malaysia External Trade Development Corporation(MATRADE)
|
| 245 |
2 |
0 |
|a Electrical domestic appliances :
|b product market study 2006.
|
| 260 |
0 |
0 |
|a Johannesberg:
|b MATRADE Johannesberg,
|c 2006.
|
| 300 |
# |
# |
|a 13 p.
|
| 440 |
0 |
0 |
|a Product market study
|
| 650 |
0 |
0 |
|a Electrical appliances --
|x Markets --
|z South Africa
|
| 651 |
0 |
0 |
|a South Africa
|
| 999 |
|
|
|a 0000019047
|b Book
|c Products
|e Business Information Centre
|